000 00285nam a22001337a 4500
008 171124b xxu||||| |||| 00| 0 eng d
020 _a9780201518115
041 _aeng
080 _a316
100 _a50
101 _aSOC
245 _aWOMEN OF CRISIS
_cROBERT.C
942 _2udc
_cBK
999 _c38520
_d38520